[Event "2006 China & Russia chess summit"]
[Site "Erguna CHN"]
[Date "2006.08.16"]
[Round "6"]
[White "Kosintseva, Nadezhda"]
[Black "Hou Yifan"]
[Result "1-0"]
[WhiteElo "2472"]
[BlackElo "2488"]
[PlyCount "131"]
[EventDate "2006.08.11"]
[Source "Chess Today"]
[SourceDate "2006.08.14"]

1. e4 c5 2. Nf3 d6 3. d4 cxd4 4. Nxd4 Nf6 5. Nc3 a6 6. Be3 e5 7. Nf3 Qc7 8. a4
Be7 9. a5 O-O 10. Be2 Nbd7 11. Nd2 b5 12. axb6 Nxb6 13. Bxb6 Qxb6 14. Nc4 Qc6
15. O-O Be6 16. Nd5 Bxd5 17. exd5 Qc5 18. Na5 Bd8 19. Nb3 Qc8 20. Ra4 Bb6 21.
Qd3 a5 22. Nd2 Nd7 23. Bg4 Nc5 24. Bxc8 Nxd3 25. cxd3 Rfxc8 26. Nc4 Bc5 27.
Rfa1 f5 28. Nxa5 Rcb8 29. R1a2 Bd4 30. b4 Rxa5 31. Rxa5 Rxb4 32. g3 Bc5 33. Kf1
Rd4 34. Ke2 Rxd5 35. Rb2 h6 36. h4 h5 37. Rb7 e4 38. dxe4 fxe4 39. Ra8+ Kh7 40.
Rf8 Rd3 41. Rff7 Bd4 42. Rf5 Ra3 43. Rb4 Ra2+ 44. Kf1 Rd2 45. Ra4 Kg6 46. Rd5
Rxf2+ 47. Ke1 Be3 48. Rxe4 Ba7 49. Rxd6+ Kh7 50. Rd7 Ra2 51. Ree7 Bf2+ 52. Kf1
Kh6 53. Re6+ Kh7 54. Re5 Kg6 55. Rg5+ Kh6 56. Rdxg7 Ra1+ 57. Kg2 Ra6 58. Rg8
Bd4 59. Rb8 Bf6 60. Rgb5 Ra2+ 61. Kf3 Kg6 62. R8b6 Ra3+ 63. Kg2 Ra2+ 64. Kh3
Rf2 65. Rc6 Kh6 66. Rcc5 1-0

[Event "2006 China & Russia chess summit"]
[Site "Erguna CHN"]
[Date "2006.08.16"]
[Round "6"]
[White "Zhao Xue"]
[Black "Kosintseva, Tatiana"]
[Result "1-0"]
[WhiteElo "2456"]
[BlackElo "2479"]
[PlyCount "51"]
[EventDate "2006.08.11"]
[Source "Chess Today"]
[SourceDate "2006.08.14"]

1. d4 Nf6 2. c4 e6 3. Nf3 d5 4. Nc3 Bb4 5. Bg5 O-O 6. e3 c5 7. cxd5 exd5 8.
dxc5 Nbd7 9. Rc1 Qa5 10. Nd2 b6 11. c6 d4 12. cxd7 dxc3 13. bxc3 Bxc3 14. Bxf6
gxf6 15. Bd3 Bxd7 16. Rc2 Rfd8 17. O-O Bc6 18. Qg4+ Kh8 19. Nb3 Qd5 20. Bf5 Rg8
21. e4 Qd3 22. Qd1 Rad8 23. Qxd3 Rxd3 24. Rfc1 Rgd8 25. Bg4 f5 26. Be2 1-0

[Event "2006 China & Russia chess summit"]
[Site "Erguna CHN"]
[Date "2006.08.16"]
[Round "6"]
[White "Wang Yu"]
[Black "Tairova, Elena"]
[Result "1/2-1/2"]
[WhiteElo "2390"]
[BlackElo "2397"]
[PlyCount "122"]
[EventDate "2006.08.11"]
[Source "Chess Today"]
[SourceDate "2006.08.14"]

1. e4 e6 2. d4 d5 3. Nd2 c5 4. exd5 exd5 5. Ngf3 Nf6 6. Bb5+ Bd7 7. Bxd7+ Nbxd7
8. O-O Be7 9. dxc5 Nxc5 10. Nb3 Nce4 11. Nfd4 Qd7 12. f3 Nd6 13. Nc5 Qc8 14.
Nd3 O-O 15. Re1 Bd8 16. Be3 Re8 17. c3 Bb6 18. Bf2 Nc4 19. Qa4 h6 20. Rad1 Qd7
21. Qxd7 Nxd7 22. Nf5 Kf8 23. Rxe8+ Rxe8 24. b3 Bxf2+ 25. Kxf2 Ncb6 26. Nd6 Rb8
27. Nf4 Nf6 28. g4 g6 29. h4 Ke7 30. Nb5 a6 31. Nd4 Rc8 32. Nde2 Rd8 33. Ng2 h5
34. g5 Ne8 35. Ne3 Nc7 36. Nf4 Rd7 37. Rd3 Kf8 38. a4 a5 39. c4 dxc4 40. Rxd7
Nxd7 41. Nxc4 b6 42. Ke3 Ke7 43. Kd3 Nc5+ 44. Kc2 N5e6 45. Nxe6 Nxe6 46. Kd3
Nf4+ 47. Ke4 Ng2 48. Nxb6 Nxh4 49. Nc4 Ng2 50. f4 h4 51. Kf3 h3 52. Kg3 Nxf4
53. Nxa5 Ne6 54. Kxh3 Nxg5+ 55. Kg4 Ne6 56. Nc4 f5+ 57. Kg3 Nc5 58. a5 Na6 59.
Ne5 Kd6 60. Nxg6 Kc5 61. Kf4 Kb4 1/2-1/2

[Event "2006 China & Russia chess summit"]
[Site "Erguna CHN"]
[Date "2006.08.16"]
[Round "6"]
[White "Matveeva, Svetlana"]
[Black "Huang Qian"]
[Result "1/2-1/2"]
[WhiteElo "2454"]
[BlackElo "2380"]
[PlyCount "135"]
[EventDate "2006.08.11"]
[Source "Chess Today"]
[SourceDate "2006.08.14"]

1. d4 Nf6 2. c4 g6 3. Nf3 Bg7 4. g3 d5 5. cxd5 Nxd5 6. Bg2 Nb6 7. O-O O-O 8.
Nc3 Nc6 9. d5 Na5 10. e4 c6 11. Bf4 cxd5 12. exd5 Nac4 13. Qe2 Bg4 14. h3 Bxf3
15. Bxf3 a6 16. Rac1 Nd6 17. Rfe1 Re8 18. b3 Rc8 19. Qd2 Nd7 20. Ne4 Nxe4 21.
Bxe4 Qb6 22. Bg2 Rxc1 23. Rxc1 Be5 24. Be3 Qd6 25. f4 Bg7 26. Qa5 Nf6 27. Bf2
h5 28. Qc7 Qb4 29. Rc2 Bh6 30. d6 exd6 31. Qxb7 Qa5 32. Rc8 Rxc8 33. Qxc8+ Bf8
34. Qc2 Bg7 35. Bf1 Kh7 36. Qc4 Qxa2 37. Qxf7 Qd2 38. Qc4 d5 39. Qd3 Ne4 40.
Qxd2 Nxd2 41. Bxa6 Nxb3 42. Kg2 d4 43. Kf3 Nd2+ 44. Ke2 Ne4 45. Be1 Bf6 46. Bd3
Nc5 47. Bc2 Kg7 48. Bb4 Be7 49. Kf3 Kf7 50. Bb1 Kg7 51. Ba2 Bd6 52. Ba3 Be7 53.
Bc4 Kf8 54. Bb2 Bf6 55. g4 hxg4+ 56. hxg4 g5 57. Ba3 Be7 58. fxg5 Bd6 59. g6
Kg7 60. Bf7 Ne4 61. Bc1 Nf6 62. g5 Nd7 63. Ke4 Ne5 64. Be8 Nxg6 65. Kf5 Nh4+
66. Ke6 Bb4 67. Bf4 Ng6 68. Bxg6 1/2-1/2

[Event "2006 China & Russia chess summit"]
[Site "Erguna CHN"]
[Date "2006.08.17"]
[Round "7"]
[White "Malakhov, Vladimir"]
[Black "Ni Hua"]
[Result "1/2-1/2"]
[WhiteElo "2690"]
[BlackElo "2607"]
[PlyCount "137"]
[EventDate "2006.08.11"]
[Source "Chess Today"]
[SourceDate "2006.08.14"]

1. c4 Nf6 2. Nc3 d5 3. cxd5 Nxd5 4. g3 g6 5. Bg2 Nxc3 6. bxc3 Bg7 7. Nf3 O-O 8.
O-O Nc6 9. Qc2 b6 10. Bb2 Bb7 11. c4 Bxb2 12. Qxb2 Na5 13. c5 Qd5 14. Rac1 bxc5
15. Qc3 c4 16. Rb1 Rad8 17. Rb2 Ba8 18. e4 Qh5 19. g4 Qxg4 20. Qxa5 Bxe4 21. h3
Qe6 22. Re1 Rd5 23. Rb5 c6 24. Rxd5 Qxd5 25. Qc3 Rd8 26. Re2 Rb8 27. Ne1 Bxg2
28. Nxg2 e6 29. Re5 Rb1+ 30. Re1 Rb5 31. Ne3 Qf3 32. h4 a5 33. a3 Rh5 34. Rb1
Qf4 35. Ng2 Qd6 36. Rb7 Rb5 37. Rxb5 cxb5 38. Qxa5 Qe5 39. Qc3 Qe4 40. Qb2 Qc6
41. Ne3 h5 42. Qd4 Qa8 43. Qc5 Qb7 44. Nf1 Qd7 45. Qe5 Kh7 46. Qf4 Kg8 47. Ng3
e5 48. Ne4 Qe7 49. Qg5 Qxa3 50. Qxe5 Qf3 51. Qe8+ Kg7 52. Qe5+ Kg8 53. Nc3 Qg4+
54. Qg3 b4 55. Qxg4 hxg4 56. Nd5 b3 57. Kg2 b2 58. Nc3 Kg7 59. Kg3 f5 60. Kf4
Kh6 61. Nb1 Kh5 62. Kg3 g5 63. hxg5 Kxg5 64. f4+ Kf6 65. Kf2 Ke6 66. Nc3 Kf6
67. Kg3 Kg6 68. Kh4 Kf6 69. Kg3 1/2-1/2

[Event "2006 China & Russia chess summit"]
[Site "Erguna CHN"]
[Date "2006.08.17"]
[Round "7"]
[White "Jakovenko, Dmitrij"]
[Black "Bu Xiangzhi"]
[Result "1-0"]
[WhiteElo "2667"]
[BlackElo "2664"]
[PlyCount "73"]
[EventDate "2006.08.11"]
[Source "Chess Today"]
[SourceDate "2006.08.14"]

1. e4 c5 2. Nf3 d6 3. d4 cxd4 4. Nxd4 Nf6 5. Nc3 a6 6. Be3 e5 7. Nf3 Qc7 8. a4
Be7 9. a5 O-O 10. Be2 Be6 11. O-O Nbd7 12. Ng5 Qc6 13. Qb1 d5 14. Nxd5 Nxd5 15.
exd5 Bxd5 16. c4 Bxg5 17. cxd5 Qh6 18. Bxg5 Qxg5 19. Qc1 Qd8 20. d6 Nf6 21. Qc7
Qxc7 22. dxc7 Rac8 23. Rfc1 Rfe8 24. Ra3 Re7 25. Rb3 Rcxc7 26. Rxc7 Rxc7 27.
Bxa6 g6 28. Rxb7 Rc2 29. Bf1 Kg7 30. a6 Rc1 31. g3 e4 32. Rb3 Rc7 33. Ra3 Ra7
34. b4 Nd5 35. b5 Kf6 36. Rb3 Nb6 37. Rc3 1-0

[Event "2006 China & Russia chess summit"]
[Site "Erguna CHN"]
[Date "2006.08.17"]
[Round "7"]
[White "Zhang Pengxiang"]
[Black "Zvjaginsev, Vadim"]
[Result "1-0"]
[WhiteElo "2622"]
[BlackElo "2675"]
[PlyCount "113"]
[EventDate "2006.08.11"]
[Source "Chess Today"]
[SourceDate "2006.08.14"]

1. e4 c5 2. Nf3 d6 3. d4 Nf6 4. dxc5 Nxe4 5. cxd6 Nc6 6. dxe7 Qxd1+ 7. Kxd1
Bxe7 8. Be3 Bf5 9. Bd3 O-O-O 10. Ke2 Rhe8 11. Nbd2 Nd6 12. Bxf5+ Nxf5 13. Rhd1
Rd6 14. Nc4 Rf6 15. Bg5 Re6+ 16. Kf1 f6 17. Ne3 Nd6 18. Bf4 Ne4 19. Nf5 Bf8 20.
N3d4 Nxd4 21. Rxd4 g6 22. Ng3 Nc5 23. Rad1 a5 24. Be3 b6 25. Ne2 Rc6 26. Rc4
Kb7 27. Nc3 f5 28. a4 h5 29. b3 Ne4 30. Rd7+ Kc8 31. Rdd4 Nc5 32. Nb5 Kb7 33.
Rd5 Rce6 34. g3 Be7 35. Kg2 Rc8 36. Bf4 Rd8 37. Rxd8 Bxd8 38. Be3 Be7 39. Rd4
Kc8 40. h4 Nb7 41. Bf4 Nc5 42. Kf3 Kb7 43. Rd1 Kc8 44. Nd4 Re4 45. Nc6 Bf6 46.
Be3 Re6 47. Na7+ Kb7 48. Nb5 Be7 49. Kg2 Kc8 50. Bf4 Kb7 51. Nd4 Rf6 52. Bg5
Rf7 53. Nb5 Bf8 54. Nd6+ Bxd6 55. Rxd6 Rg7 56. Bh6 Rg8 57. Be3 1-0

[Event "2006 China & Russia chess summit"]
[Site "Erguna CHN"]
[Date "2006.08.17"]
[Round "7"]
[White "Kovalevskaya, Ekaterina"]
[Black "Hou Yifan"]
[Result "0-1"]
[WhiteElo "2463"]
[BlackElo "2488"]
[PlyCount "184"]
[EventDate "2006.08.11"]
[Source "Chess Today"]
[SourceDate "2006.08.14"]

1. e4 e6 2. d4 d5 3. Nc3 Nf6 4. e5 Nfd7 5. f4 c5 6. Nf3 Nc6 7. Be3 cxd4 8. Nxd4
Bc5 9. Qd2 O-O 10. O-O-O a6 11. h4 Nxd4 12. Bxd4 b5 13. Ne2 a5 14. f5 Bxd4 15.
Nxd4 Nxe5 16. Bxb5 exf5 17. Nc6 Qb6 18. Nxe5 Qxb5 19. Qxd5 Qa6 20. Qd6 Qb7 21.
Nd7 Bxd7 22. Qxd7 Qe4 23. Rhe1 Qf4+ 24. Kb1 Rab8 25. Qd4 Rb4 26. Qxf4 Rxf4 27.
Rc1 Rxh4 28. c4 Rh6 29. Re5 Ra8 30. Rxf5 Kf8 31. b3 Rb6 32. Kb2 g6 33. Rd5 h5
34. c5 Rc6 35. a3 Rb8 36. Kc3 Re6 37. Rcd1 Re2 38. R1d2 Re1 39. Rd1 Re2 40. c6
Re6 41. Rc5 Rc8 42. c7 Ke7 43. Kc4 Rd6 44. Rc1 Rb6 45. b4 axb4 46. axb4 Kd7 47.
b5 Rxc7 48. Rd1+ Rd6 49. Re1 Re6 50. Rd1+ Kc8 51. Rdd5 Re2 52. Kb4 Kb7 53.
Rxc7+ Kxc7 54. g3 Re3 55. Rc5+ Kb7 56. Rd5 Rxg3 57. Rd7+ Kb6 58. Rd6+ Kc7 59.
Rf6 Rg1 60. Rxf7+ Kd6 61. Rf2 h4 62. Rd2+ Ke5 63. b6 Rb1+ 64. Kc5 g5 65. Rd5+
Kf6 66. Rd6+ Kf5 67. Rd5+ Kg6 68. Kc6 h3 69. Rd6+ Kf5 70. Rd5+ Kg4 71. Rd4+ Kf3
72. Rd3+ Kg2 73. Rd2+ Kg3 74. Rd3+ Kh4 75. Rd2 g4 76. b7 g3 77. Rd4+ Kg5 78.
Rd5+ Kg4 79. Rb5 Rc1+ 80. Kb6 g2 81. Rb4+ Kf5 82. Rb5+ Ke6 83. b8=Q g1=Q+ 84.
Ka6 Ra1+ 85. Kb7 Qg2+ 86. Kb6 Qf2+ 87. Kb7 Qf3+ 88. Kb6 Qe3+ 89. Kb7 Qe4+ 90.
Kb6 Qd4+ 91. Kb7 Qd7+ 92. Kb6 Qxb5+ 0-1

[Event "2006 China & Russia chess summit"]
[Site "Erguna CHN"]
[Date "2006.08.17"]
[Round "7"]
[White "Zhao Xue"]
[Black "Kosintseva, Nadezhda"]
[Result "1/2-1/2"]
[WhiteElo "2456"]
[BlackElo "2472"]
[PlyCount "57"]
[EventDate "2006.08.11"]
[Source "Chess Today"]
[SourceDate "2006.08.14"]

1. d4 Nf6 2. c4 e6 3. Nf3 d5 4. Nc3 dxc4 5. e4 Bb4 6. Bg5 c5 7. Bxc4 cxd4 8.
Nxd4 Bxc3+ 9. bxc3 Qa5 10. Bb5+ Bd7 11. Bxf6 gxf6 12. Qb3 Bxb5 13. Nxb5 O-O 14.
O-O Nc6 15. c4 Rad8 16. c5 Nd4 17. Nxd4 Rxd4 18. Qg3+ Kh8 19. Qf3 Kg7 20. Qg4+
Kh8 21. Qh4 Kg7 22. Rab1 Qxc5 23. Rb3 Rfd8 24. Rg3+ Kf8 25. Qxf6 Rd1 26. Qh6+
Ke7 27. Qh4+ Kf8 28. Qh6+ Ke7 29. Qh4+ 1/2-1/2

[Event "2006 China & Russia chess summit"]
[Site "Erguna CHN"]
[Date "2006.08.17"]
[Round "7"]
[White "Kosintseva, Tatiana"]
[Black "Wang Yu"]
[Result "1-0"]
[WhiteElo "2479"]
[BlackElo "2390"]
[PlyCount "81"]
[EventDate "2006.08.11"]
[Source "Chess Today"]
[SourceDate "2006.08.14"]

1. e4 e5 2. Nf3 Nc6 3. Bb5 a6 4. Ba4 Nf6 5. O-O Be7 6. Re1 b5 7. Bb3 O-O 8. d4
Nxd4 9. Nxd4 exd4 10. e5 Ne8 11. c3 dxc3 12. Nxc3 d6 13. Qf3 Be6 14. Bf4 dxe5
15. Bxe5 Nf6 16. Rad1 Qc8 17. Bxe6 fxe6 18. Qc6 Rf7 19. Bxf6 Rxf6 20. Rd7 Bb4
21. Rxe6 Bxc3 22. bxc3 Rxe6 23. Qxe6+ Kh8 24. Qg4 Qf8 25. Rxc7 Re8 26. g3 h6
27. Kg2 Qf6 28. h4 Kh7 29. h5 Re5 30. Qd4 Qf5 31. Ra7 Qxh5 32. Rxa6 Qf5 33. Rb6
Rd5 34. Qe3 Rd3 35. Qe2 Qd5+ 36. Kh2 Rd1 37. Qc2+ Kg8 38. Rb8+ Kf7 39. Rb7+ Kf6
40. Rb6+ Kf7 41. Qg6+ 1-0

[Event "2006 China & Russia chess summit"]
[Site "Erguna CHN"]
[Date "2006.08.17"]
[Round "7"]
[White "Tairova, Elena"]
[Black "Huang Qian"]
[Result "1/2-1/2"]
[WhiteElo "2397"]
[BlackElo "2380"]
[PlyCount "71"]
[EventDate "2006.08.11"]
[Source "Chess Today"]
[SourceDate "2006.08.14"]

1. d4 Nf6 2. c4 g6 3. Nc3 Bg7 4. e4 d6 5. Nf3 O-O 6. Be2 e5 7. O-O Nc6 8. d5
Ne7 9. b4 Nh5 10. Re1 f5 11. Ng5 Nf6 12. f3 Kh8 13. Be3 Nh5 14. Ne6 Bxe6 15.
dxe6 Nf4 16. Bxf4 exf4 17. Rc1 fxe4 18. fxe4 Be5 19. Bg4 Kg7 20. Rf1 c6 21. Kh1
h5 22. Bh3 Ng8 23. Ne2 Qe7 24. Qd2 Nf6 25. Nxf4 Nxe4 26. Qe3 Bxf4 27. Rxf4 Rxf4
28. Qxf4 Ng5 29. Re1 Rf8 30. Qe3 b6 31. Kg1 Kh7 32. Qg3 Kh6 33. Qc3 Kh7 34. Qe3
Kg7 35. Qg3 Kh7 36. Qe3 1/2-1/2

[Event "2006 China & Russia chess summit"]
[Site "Erguna CHN"]
[Date "2006.08.18"]
[Round "8"]
[White "Najer, Evgeniy"]
[Black "Ni Hua"]
[Result "1/2-1/2"]
[WhiteElo "2677"]
[BlackElo "2607"]
[PlyCount "75"]
[EventDate "2006.08.11"]
[Source "Chess Today"]
[SourceDate "2006.08.14"]

1. d4 d5 2. c4 c6 3. Nf3 Nf6 4. e3 a6 5. Bd3 Bg4 6. Nbd2 e6 7. Qc2 dxc4 8. Nxc4
Bxf3 9. gxf3 Nbd7 10. Bd2 Nd5 11. a3 Qh4 12. Ke2 Be7 13. Rag1 g6 14. b4 f5 15.
f4 h6 16. Ne5 g5 17. Nf3 Qh5 18. e4 g4 19. exd5 gxf3+ 20. Kd1 exd5 21. Bxf5
O-O-O 22. Rg7 Bf6 23. Bg4 Qh4 24. Bxd7+ Rxd7 25. Rxd7 Kxd7 26. Be3 Qg4 27. h3
Qe6 28. f5 Qd6 29. Rg1 Re8 30. Rg6 Qh2 31. Qd3 Bg5 32. f6 Bxe3 33. Rg7+ Kd6 34.
Qf5 Qh1+ 35. Kc2 Qc1+ 36. Kb3 Qd1+ 37. Ka2 Qe2+ 38. Kb3 1/2-1/2

[Event "2006 China & Russia chess summit"]
[Site "Erguna CHN"]
[Date "2006.08.18"]
[Round "8"]
[White "Wang Yue"]
[Black "Jakovenko, Dmitrij"]
[Result "0-1"]
[WhiteElo "2626"]
[BlackElo "2667"]
[PlyCount "86"]
[EventDate "2006.08.11"]
[Source "Chess Today"]
[SourceDate "2006.08.14"]

1. d4 Nf6 2. c4 e6 3. Nc3 Bb4 4. Nf3 c5 5. g3 Nc6 6. Bg2 Ne4 7. Bd2 Bxc3 8.
Bxc3 Nxc3 9. bxc3 O-O 10. O-O d6 11. Qd3 Rb8 12. Rfd1 cxd4 13. cxd4 Na5 14. d5
Re8 15. Nd4 e5 16. Nb3 Nxb3 17. axb3 a5 18. Rdb1 b5 19. c5 dxc5 20. Qc3 Qd6 21.
Rc1 Bd7 22. Rxa5 e4 23. Rd1 h5 24. Qa1 Bc8 25. e3 Bg4 26. Rd2 c4 27. bxc4 bxc4
28. Rc2 Rb4 29. h3 Bf3 30. Ra8 Rxa8 31. Qxa8+ Kh7 32. Qc6 Rb1+ 33. Kh2 Qb4 34.
Bxf3 exf3 35. Qd7 Rh1+ 36. Kxh1 Qb1+ 37. Kh2 Qxc2 38. Kg1 f6 39. Qf7 Qf5 40.
Kh2 Qg6 41. Qa7 Qc2 42. e4 Qe2 43. g4 h4 0-1

[Event "2006 China & Russia chess summit"]
[Site "Erguna CHN"]
[Date "2006.08.18"]
[Round "8"]
[White "Tairova, Elena"]
[Black "Shen Yang"]
[Result "1/2-1/2"]
[WhiteElo "2397"]
[BlackElo "2459"]
[PlyCount "102"]
[EventDate "2006.08.11"]
[Source "Chess Today"]
[SourceDate "2006.08.14"]

1. e4 e5 2. Nf3 Nc6 3. Bc4 Bc5 4. c3 Nf6 5. d3 a6 6. Bb3 Ba7 7. O-O O-O 8. Bg5
d6 9. Nbd2 Be6 10. Re1 Qe7 11. Nf1 Bxb3 12. Qxb3 Rab8 13. Be3 Qe6 14. Qxe6 fxe6
15. Bxa7 Nxa7 16. d4 exd4 17. cxd4 d5 18. exd5 exd5 19. Rac1 Nc6 20. Ne3 Rfe8
21. a3 Rbd8 22. Rc5 Rd6 23. h3 g6 24. Rd1 Re7 25. Rdc1 Re4 26. Kf1 h5 27. Rd1
Rd7 28. Ke2 Ree7 29. b4 Rd6 30. Ne5 Nxe5 31. dxe5 Rxe5 32. Rxc7 d4 33. Kf1 b5
34. Rd3 Ne4 35. Nc2 Red5 36. f3 Ng3+ 37. Kf2 h4 38. Rc5 Nf5 39. f4 Kf7 40. Rc7+
Kf6 41. Kf3 Re6 42. Rc5 Rdd6 43. Rc7 Rd8 44. Rc5 Rd7 45. Rc8 Kg7 46. Rc5 Kf7
47. Re5 Rc6 48. Rc5 Rcd6 49. Ke4 Kf6 50. Kf3 Re6 51. Rc8 Rdd6 1/2-1/2

[Event "2006 China & Russia chess summit"]
[Site "Erguna CHN"]
[Date "2006.08.18"]
[Round "8"]
[White "Hou Yifan"]
[Black "Matveeva, Svetlana"]
[Result "1-0"]
[WhiteElo "2488"]
[BlackElo "2454"]
[PlyCount "131"]
[EventDate "2006.08.11"]
[Source "Chess Today"]
[SourceDate "2006.08.14"]

1. e4 e6 2. d4 d5 3. Nc3 Nf6 4. Bg5 dxe4 5. Nxe4 Nbd7 6. Nf3 h6 7. Nxf6+ Nxf6
8. Bh4 a6 9. c3 c5 10. Ne5 Be7 11. dxc5 Qc7 12. Qa4+ Kf8 13. Nd3 Bd7 14. Qd4
Bb5 15. Bg3 Qc6 16. c4 Ba4 17. b3 Rd8 18. Qe3 Ng4 19. Qe2 Rd4 20. f3 Bxc5 21.
h3 Nf6 22. Be5 Qb6 23. Rd1 Bb4+ 24. Nxb4 Qxb4+ 25. Kf2 Rxd1 26. Qxd1 Qc5+ 27.
Bd4 Qd6 28. c5 Qd5 29. Be2 e5 30. Be3 Bc6 31. Qa1 Qe6 32. Re1 Nd5 33. Bc4 f6
34. b4 Ke7 35. Bd4 Kf7 36. Qb1 Rd8 37. Qh7 Kf8 38. f4 Qf7 39. fxe5 fxe5+ 40.
Kg1 exd4 41. Rf1 Qxf1+ 42. Bxf1 Nf6 43. Qh8+ Ng8 44. Bd3 Bd5 45. a4 Bf7 46. Qh7
Nf6 47. Qf5 Bb3 48. Qf3 Bd5 49. Qf4 Bb3 50. Qc7 Rd7 51. Qc8+ Ke7 52. b5 Bxa4
53. c6 bxc6 54. b6 Bb5 55. b7 Bxd3 56. b8=Q Bb5 57. Qe5+ Kf7 58. Qf5 c5 59.
Qcxc5 d3 60. Qce5 Re7 61. Qd5+ Kf8 62. Qc8+ Ne8 63. Qcc5 d2 64. Qxd2 Kf7 65.
Qdd5+ Re6 66. Qb6 1-0

[Event "2006 China & Russia chess summit"]
[Site "Erguna CHN"]
[Date "2006.08.18"]
[Round "8"]
[White "Wang Yu"]
[Black "Kosintseva, Nadezhda"]
[Result "1-0"]
[WhiteElo "2390"]
[BlackElo "2472"]
[PlyCount "71"]
[EventDate "2006.08.11"]
[Source "Chess Today"]
[SourceDate "2006.08.14"]

1. e4 c5 2. Nc3 Nc6 3. Bb5 Nd4 4. Bc4 e6 5. Nf3 Nf6 6. O-O a6 7. d3 d6 8. Nxd4
cxd4 9. Ne2 e5 10. f4 Be6 11. Bxe6 fxe6 12. c3 dxc3 13. Qb3 Qd7 14. bxc3 Be7
15. Ba3 b5 16. Kh1 g6 17. Rae1 O-O 18. f5 gxf5 19. exf5 Nd5 20. Bc1 Nc7 21. d4
e4 22. Bh6 Rf7 23. Ng3 d5 24. Qd1 exf5 25. Rxf5 Bf8 26. Ref1 Rxf5 27. Nxf5 Ne6
28. Qh5 Kh8 29. Ne3 Bxh6 30. Qxh6 Ng7 31. Qf6 h5 32. Nf5 Re8 33. Qh6+ Kg8 34.
Qg6 Rd8 35. Nh6+ Kh8 36. Rf7 1-0

[Event "2006 China & Russia chess summit"]
[Site "Erguna CHN"]
[Date "2006.08.18"]
[Round "8"]
[White "Huang Qian"]
[Black "Kosintseva, Tatiana"]
[Result "1/2-1/2"]
[WhiteElo "2380"]
[BlackElo "2479"]
[PlyCount "74"]
[EventDate "2006.08.11"]
[Source "Chess Today"]
[SourceDate "2006.08.14"]

1. d4 d5 2. c4 c6 3. Nf3 Nf6 4. e3 a6 5. Nbd2 Bf5 6. Be2 e6 7. O-O Nbd7 8. b3
Bd6 9. Bb2 O-O 10. Ne5 Qe7 11. a3 Rad8 12. Bc3 c5 13. Qc1 Ne4 14. Nxe4 Bxe4 15.
f3 Bf5 16. Nxd7 Rxd7 17. dxc5 Bxc5 18. b4 d4 19. exd4 Bxd4+ 20. Bxd4 Rxd4 21.
Qe3 e5 22. Rfe1 Rfd8 23. Rac1 f6 24. c5 Bd3 25. Rcd1 Bxe2 26. Qxe2 Qe6 27. Rxd4
Rxd4 28. Rd1 Qd5 29. Rxd4 Qxd4+ 30. Kf1 Qa1+ 31. Kf2 Qxa3 32. Qd2 Qa1 33. Qd5+
Kf8 34. Qd8+ Kf7 35. Qd7+ Kg6 36. Qg4+ Kf7 37. Qd7+ Kg6 1/2-1/2

[Event "2006 China & Russia chess summit"]
[Site "Erguna CHN"]
[Date "2006.08.19"]
[Round "9"]
[White "Ni Hua"]
[Black "Jakovenko, Dmitrij"]
[Result "1-0"]
[WhiteElo "2607"]
[BlackElo "2667"]
[PlyCount "109"]
[EventDate "2006.08.11"]
[Source "Chess Today"]
[SourceDate "2006.08.14"]

1. e4 e5 2. Nf3 Nc6 3. d4 exd4 4. Nxd4 Bc5 5. Nxc6 Qf6 6. Qf3 Qxf3 7. gxf3 bxc6
8. Be3 Bb6 9. c4 Bxe3 10. fxe3 Rb8 11. b3 d6 12. Rg1 Ne7 13. Nc3 O-O 14. O-O-O
Be6 15. f4 f5 16. c5 Rbd8 17. Bh3 Bc8 18. Rd4 dxc5 19. Rxd8 Rxd8 20. Rd1 Rd6
21. exf5 Bxf5 22. Bf1 Kf8 23. Bc4 Bg6 24. e4 Rd4 25. f5 Bh5 26. Rxd4 cxd4 27.
Na4 Nc8 28. Kd2 Ke7 29. Kd3 g6 30. fxg6 Bxg6 31. Kxd4 Nd6 32. Nc5 Ne8 33. e5
Ng7 34. Bd3 Bxd3 35. Kxd3 Kf7 36. Ke4 Kg6 37. Nd3 Kg5 38. Nb4 Kg4 39. Nxc6 Kh3
40. Nd4 Kxh2 41. Nf5 Ne6 42. Nh6 Ng7 43. b4 c6 44. Nf5 Ne8 45. e6 h5 46. e7 Kg2
47. Kf4 Nc7 48. Kg5 Kf3 49. Kxh5 Ke4 50. Kg6 Kd5 51. Kf7 Kc4 52. Ng7 Kxb4 53.
Ne6 Nb5 54. Kf8 Nd6 55. Nd8 1-0

[Event "2006 China & Russia chess summit"]
[Site "Erguna CHN"]
[Date "2006.08.19"]
[Round "9"]
[White "Bu Xiangzhi"]
[Black "Dreev, Alexey"]
[Result "1/2-1/2"]
[WhiteElo "2664"]
[BlackElo "2666"]
[PlyCount "64"]
[EventDate "2006.08.11"]
[Source "Chess Today"]
[SourceDate "2006.08.14"]

1. d4 d5 2. c4 c6 3. Nf3 Nf6 4. e3 Bf5 5. Nc3 e6 6. Nh4 Bg6 7. Nxg6 hxg6 8. Bd2
Nbd7 9. b3 e5 10. cxd5 cxd5 11. Qe2 a6 12. g3 Bb4 13. Bg2 Qa5 14. Nb1 Ne4 15.
Bxe4 dxe4 16. Qc4 Bxd2+ 17. Nxd2 exd4 18. Qxd4 Nf6 19. Qa4+ Qxa4 20. bxa4 Rc8
21. Ke2 Rh5 22. Rhc1 Rxc1 23. Rxc1 Rxh2 24. Rc8+ Ke7 25. Rc7+ Kf8 26. Rc8+ Ke7
27. Rc7+ Kf8 28. Rxb7 Ng4 29. Rb8+ Ke7 30. Rb7+ Kf8 31. Rb8+ Ke7 32. Rb7+ Kf8
1/2-1/2

[Event "2006 China & Russia chess summit"]
[Site "Erguna CHN"]
[Date "2006.08.19"]
[Round "9"]
[White "Kosintseva, Tatiana"]
[Black "Shen Yang"]
[Result "0-1"]
[WhiteElo "2479"]
[BlackElo "2459"]
[PlyCount "90"]
[EventDate "2006.08.11"]
[Source "Chess Today"]
[SourceDate "2006.08.14"]

1. e4 e5 2. Nf3 Nc6 3. Bb5 a6 4. Ba4 Nf6 5. O-O Be7 6. Re1 b5 7. Bb3 d6 8. c3
O-O 9. d4 Bg4 10. d5 Na5 11. Bc2 Qc8 12. Nbd2 c6 13. b4 Nb7 14. dxc6 Qxc6 15.
Bb2 Nd8 16. Nf1 Qb7 17. Ne3 Bd7 18. Bb3 Bc6 19. Nd5 Ne6 20. Qd2 Bxd5 21. exd5
Nf4 22. Rad1 Bd8 23. h3 Qc8 24. Qc2 Bb6 25. Nh2 N6h5 26. Bc1 Qd8 27. Nf3 Qf6
28. Kh2 Rac8 29. Be3 Bxe3 30. fxe3 Ng6 31. Rf1 Nh4 32. Qe4 Nf5 33. Nd2 Nhg3 34.
Qf3 Qh6 35. Rfe1 Rxc3 36. Rc1 Rfc8 37. Rxc3 Rxc3 38. Ne4 Nxe4 39. Qxf5 Qh4 40.
Rf1 Qg3+ 41. Kh1 Nf6 42. e4 Qe3 43. Qf3 Qd4 44. Qf5 Qxe4 45. Qf2 Rxh3+ 0-1

[Event "2006 China & Russia chess summit"]
[Site "Erguna CHN"]
[Date "2006.08.19"]
[Round "9"]
[White "Matveeva, Svetlana"]
[Black "Zhao Xue"]
[Result "0-1"]
[WhiteElo "2454"]
[BlackElo "2456"]
[PlyCount "86"]
[EventDate "2006.08.11"]
[Source "Chess Today"]
[SourceDate "2006.08.14"]

1. d4 Nf6 2. c4 e6 3. Nc3 Bb4 4. e3 O-O 5. Bd3 d5 6. Nf3 c5 7. O-O Nc6 8. a3
Bxc3 9. bxc3 Qc7 10. a4 e5 11. cxd5 Nxd5 12. dxe5 Nde7 13. Qc2 h6 14. h3 Rd8
15. Bb2 Be6 16. Rfd1 Nxe5 17. Nxe5 Qxe5 18. c4 Qc7 19. Bh7+ Kh8 20. Be4 f6 21.
Rab1 Rab8 22. Qe2 Kg8 23. Qh5 Bxc4 24. Qg4 Kf8 25. Qf3 b6 26. g4 Bf7 27. h4
Rxd1+ 28. Rxd1 Rd8 29. Rc1 Qd6 30. g5 hxg5 31. hxg5 fxg5 32. a5 Ng8 33. axb6
axb6 34. Ra1 Nf6 35. Bf5 Qd2 36. Be5 Qd5 37. Qg3 Re8 38. Bd6+ Kg8 39. Bc2 Ne4
40. Bxe4 Qxe4 41. Qxg5 Bd5 42. Kh2 Re6 43. Rg1 Qh7+ 0-1